Statistiken für Alle Minderheiten Bangladeschs

Klicken Sie hier um das Quiz zu spielen!

Allgemein

  • Dieses Quiz wurde 32 mal gespielt
  • Das Durchschnittsergebnis liegt bei 10 aus 12

Antwortstatistiken

BevölkerungLand% Korrekt
239,742Myanmar
100%
166,646China
96%
35,250Indien
96%
156,500Indonesien
96%
20,109Kambodscha
91%
90,253Laos
91%
47,103USA
91%
28,176Vietnam
91%
208,406Malaysia
87%
39,988Nepal
74%
34,266Vereinigtes Königreich
74%
30,877Bahrain
9%

Verteilung der Resultate

Perzentil nach korrekt beantworteten Fragen

Anzahl Personen mit jedem Resultat

Ihre Resultats-Entwicklung

Sie haben dieses Quiz noch nicht gespielt